Diccionario del español actual / (Record no. 191413)

MARC details
000 -LEADER
campo de control de longitud fija 01094nam a2200301 4500
001 - NÚMERO DE CONTROL
campo de control 191413
003 - IDENTIFICADOR DE NÚMERO DE CONTROL
campo de control SpMaBN
005 - FECHA Y HORA DE LA ÚLTIMA TRANSACCIÓN
campo de control 20240224114839.0
008 - DATOS DE LONGITUD FIJA--INFORMACIÓN GENERAL
campo de control de longitud fija 220922s1999 sp | ||| ||spa
016 7# - NÚMERO DE CONTROL DE UNA AGENCIA BIBLIOGRÁFICA NACIONAL
Número de control del registro bimoBNE20000235606 [
Fuente SpMaBN]
017 ## - NÚMERO DE COPYRIGHT O DE DEPÓSITO LEGAL
Número de copyright o de depósito legal M 24175-1999
Agencia que asigna Oficina Depósito Legal Madrid
020 ## - NÚMERO INTERNACIONAL ESTÁNDAR DEL LIBRO
Número Internacional Estándar del Libro 84-294-6472-7
035 ## - NÚMERO DE CONTROL DEL SISTEMA
Número de control de sistema (OCoLC)636494900
040 ## - FUENTE DE CATALOGACIÓN
Centro catalogador/agencia de origen SpMaBN
Lengua de catalogación spa
Centro/agencia transcriptor SpMaBN
Normas de descripción rdc
080 ## - NÚMERO DE LA CLASIFICACIÓN DECIMAL UNIVERSAL
Número de la Clasificación Decimal Universal (038)=134.2
100 1# - ENTRADA PRINCIPAL--NOMBRE DE PERSONA
Nombre de persona Seco, Manuel.
9 (RLIN) 105046
245 10 - MENCIÓN DEL TÍTULO
Título Diccionario del español actual /
Mención de responsabilidad, etc. Manuel Seco, Olimpia Andrés, Gabino Ramos.
250 ## - MENCION DE EDICION
Mención de edición 1a ed., 2a reimp.
260 ## - PUBLICACIÓN, DISTRIBUCIÓN, ETC.
Lugar de publicación, distribución, etc. [Madrid] :
Nombre del editor, distribuidor, etc. Aguilar,
Fecha de publicación, distribución, etc. [1999]
300 ## - DESCRIPCIÓN FÍSICA
Extensión 2 v.(XXVII, 4638 p.) ;
Dimensiones 26 cm.
650 07 - PUNTO DE ACCESO ADICIONAL DE MATERIA--TÉRMINO DE MATERIA
Término de materia o nombre geográfico como elemento de entrada Lengua española-
Subdivisión de forma Diccionarios.
9 (RLIN) 14137
700 1# - ENTRADA AGREGADA--NOMBRE PERSONAL
Nombre de persona Andrés, Olimpia.
9 (RLIN) 21583
700 1# - ENTRADA AGREGADA--NOMBRE PERSONAL
Nombre de persona Ramos González, Gabino.
9 (RLIN) 175235
852 ## - LOCALIZACIÓN
Ubicación ES-MaACL
Número de control de estantería A-15180
itemnumber 198614
Sublocalización o colección R.127934
Ubicación en estantería Depósito 1
Signatura antigua Olim: DIC-L 134.2 SEC
-- Olim: Meseton
Designación de la unidad física Vol.2
852 ## - LOCALIZACIÓN
Ubicación ES-MaACL
Número de control de estantería A-15179
itemnumber 1986615
Ubicación en estantería Depósito 1
Signatura antigua Olim: DIC-L 134.2 SEC
-- Olim: Meseton
Designación de la unidad física Vol.1
Copia número Ej.1
942 ## - ELEMENTOS DE ENTRADA SECUNDARIOS (KOHA)
Fuente del sistema de clasificación o colocación Clasificación decimal universal
Holdings
Estatus retirado Estado de pérdida Fuente del sistema de clasificación o colocación Estado de daño No para préstamo Colección Biblioteca de origen Biblioteca actual Ubicación en estantería Fecha de adquisición Fuente de adquisición Enumeración/cronología de publicación seriada Total de préstamos Signatura topográfica completa Código de barras Visto por última vez Copia número Precio de reemplazo Tipo de ítem Koha
    Clasificación decimal universal     Colección de referencia Biblioteca del Ateneo de Madrid Biblioteca del Ateneo de Madrid Depósito 1 22/09/2022 Compra v.1   A-15179 1203745 23/02/2023 Ej.1 23/02/2023 Libro impreso
    Clasificación decimal universal     Colección de referencia Biblioteca del Ateneo de Madrid Biblioteca del Ateneo de Madrid Depósito 1 22/09/2022 Compra v.2   A-15180 1203744 23/02/2023   23/02/2023 Libro impreso